01805nam a2200361Ia 4500001001200000003000800012006001900020007001500039008004100054020001800095020002500113040002100138035002100159050002600180245010700206260003600313300001500349500029500364504006500659533015200724650005900876650005900935650005700994650005801051650005701109651005701166655002901223700001601252700001701268710001701285856012601302999001501428ebr10281234CaPaEBRm u cr cn|||||||||071014s2007 enk sb 101 0 eng d z9781847420206 z9781847420190 (pbk.) aCaPaEBRcCaPaEBR a(OCoLC)25070936714aHD7164.5b.E97 2007eb04aThe Europeanisation of social protectionh[electronic resource] /cedited by Jon Kvist and Juho Saari. aBristol :bPolicy Press,c2007. axi, 308 p. aPapers presented at a conference organized by the EU Finnish presidency in Nov. 2006 to analyze the future of the European social protection systems and of the European social model (ESM) against the challenges of increasing internationalisation, global competition and an aging population. aIncludes bibliographical references (p. 267-297) .and index. aElectronic reproduction.bPalo Alto, Calif. :cebrary,d2009.nAvailable via World Wide Web.nAccess may be limited to ebrary affiliated libraries. 0aSocial planningzEuropean Union countriesvCongresses. 0aSocial securityzEuropean Union countriesvCongresses. 0aWelfare statezEuropean Union countriesvCongresses. 0aPublic welfarezEuropean Union countriesvCongresses. 0aSocial changezEuropean Union countriesvCongresses. 0aEuropean Union countriesxSocial policyvCongresses. 7aElectronic books.2local1 aKvist, Jon.1 aSaari, Juho.2 aebrary, Inc.40uhttp://site.ebrary.com/lib/rucke/Doc?id=10281234zAn electronic book accessible through the World Wide Web; click to view c4039d4039